Manual de la empresa responsable y sostenible: conceptos, ejemplos y herramientas de la responsabilidad social corporativa o de la empresa

Guardat en:
Dades bibliogràfiques
Autors principals: Olcese Santonja, Aldo (autor), Rodríguez, Miguel Angel (Autor), Alfaro, Juan (Autor)
Format: Llibre
Idioma:espanyol
Publicat: Madrid McGraw-Hill Interamericana de España, S.A.U 2008
Edició:1a. ed
Matèries:
Etiquetes: Afegir etiqueta
Sense etiquetes, Sigues el primer a etiquetar aquest registre!

MARC

LEADER 00000nam a2200000 a 4500
001 UCG3193
003 CL-VaPUC
008 100812e20080000SP |||||||||||||||||spa|d
020 |a 9788448168636 
082 0 4 |a 658.408  |b OLC  |2 21 
100 |a Olcese Santonja, Aldo  |e autor  |9 552135 
700 0 |a Rodríguez, Miguel Angel  |e author  |9 552136 
700 0 |a Alfaro, Juan  |e author  |9 552137 
245 1 0 |a Manual de la empresa responsable y sostenible: conceptos, ejemplos y herramientas de la responsabilidad social corporativa o de la empresa 
250 |a 1a. ed 
300 |a 362 p 
942 |c BK 
945 |d 20100812 00:00:00  |a mfarfan 
260 |a Madrid  |b McGraw-Hill Interamericana de España, S.A.U  |c 2008 
650 0 |a Responsabilidad social empresarial  |9 525230 
650 0 |a Gestión administrativa  |9 375217 
650 7 |a CRITERIOS ETICOS  |2 CL-VaPUC  |9 529863 
650 7 |a GESTION DE RECURSOS  |2 CL-VaPUC  |9 358963 
650 0 |a Responsabilidad administrativa  |9 256129 
583 |a last modification  |c 20190725 11:40:04  |k Rodrigo Vera 
999 |c 342275  |d 342273 
952 |0 0  |1 0  |4 0  |6 658_408000000000000_OLC_2008  |7 0  |8 A  |9 438373  |a BIBING  |b BIBING  |d 2019-11-22  |i 4707036  |o 658.408 OLC 2008  |p 4707036  |r 2025-01-20  |w 2019-11-22  |y BK  |k ING